Imperium po kształcie - Statystyki

Ogólne statystyki
  • Ten quiz został rozwiązany 55 razy
  • Średni wynik to 4 z 6
Statystyki odpowiedzi
Obrazkowy Odpowiedź % Poprawnych
Imperium Hiszpańskie
100%
Cesarstwo Japońskie
93%
Cesarstwo Niemieckie
90%
Włoskie Imperium Kolonialne
85%
Unia Szwedzko-Norweska
15%
Peru-Boliwia
2%
Nie znaleziono quizów pasujących do podanych kryteriów
Rozkład punktacji
Procent ludzi z każdym wynikiem
Percentyl według liczby udzielonych odpowiedzi
Twoja historia wyników
Nie rozwiązałeś tego quizu